000 01047nam a2200289 i 4500
003 DO-SdBNP
005 20260127092657.0
007 ta
008 260127b2024 dr ||||| |||| 00| 0 spa d
020 _a9789945290028
040 _aDO-SdBNP
_bspa
_cBNPHU
_erda
041 _aspa
082 4 _axxx
_bxxx
_222
100 _aFariña, Freddy,
_d1972-
_eautor
_4aut.
_988902
245 1 0 _aPredicar con poder :
_bla fuerza de la verdad en cada mensaje /
_cFreddy Fariña ; prólogo y corrección de estilo, Carlos Alvarez Guzmán
250 _aPrimera edición
264 1 _aSanto Domingo, República Dominicana :
_bOkyanus Media Group, S.R.L.,
_c2024.
300 _a129 páginas ;
_c22 cm.
336 _atexto
_btxt
_2rdacontent
337 _asin mediación
_bn
_2rdamedia
338 _avolumen
_bnc
_2rdacarrier
500 _aIncluye datos biográficos del autor en la contracubierta
590 _aInventariado, 2026/BT
700 _aÁlvarez Guzmán, Carlos,
_eprologuista y corrector
_4pr., corr.
_988879
910 _aBtavárez
942 _2ddc
_cLBS1
999 _c60138
_d60138